[Event "Weekend Accademia A Primavera"]
[Site "Roma ITA"]
[Date "2007.05.13"]
[Round "4"]
[White "Vigile, Matteo"]
[Black "Caprio, Guido"]
[Result "1/2-1/2"]
[WhiteElo "2086"]
[BlackElo "1934"]
[PlyCount "71"]
[EventDate "2007.05.11"]

1.e4 c5 2.Nc3 Nc6 3.f4 g6 4.Nf3 Bg7 5.Bc4 d6 6.O-O e6 7.d3 Nge7 8.Qe1 O-O 
9.e5 dxe5 10.fxe5 Nxe5 11.Nxe5 Qd4+ 12.Kh1 Qxe5 13.Ne4 Qh5 14.Bg5 Nf5 15.
Nf6+ Bxf6 16.Bxf6 Bd7 17.h3 Bc6 18.Kh2 Qh6 19.Qe2 Ne3 20.Rf2 Nxg2 21.Rg1 
Nf4 22.Qe3 Qxh3+ 23.Qxh3 Nxh3 24.Kxh3 b5 25.Bb3 a5 26.c3 a4 27.Bc2 Bd5 28.
a3 Rab8 29.Be7 Rfc8 30.Rgf1 e5 31.Bf6 h6 32.d4 c4 33.Rg1 g5 34.Bd1 Kh7 35.
Bf3 Bxf3 36.Rxf3 1/2-1/2

[Event "Weekend Accademia A Primavera"]
[Site "Roma ITA"]
[Date "2007.05.13"]
[Round "4"]
[White "Vignato, Giovanni"]
[Black "Musmarra, Giovanni"]
[Result "1/2-1/2"]
[WhiteElo "2050"]
[BlackElo "1717"]
[PlyCount "78"]
[EventDate "2007.05.11"]

1.c4 e6 2.d4 d5 3.Nc3 Nf6 4.Bg5 Be7 5.e3 O-O 6.Nf3 Nbd7 7.Bd3 c6 8.O-O 
dxc4 9.Bxc4 Nd5 10.Bxe7 Qxe7 11.Bxd5 exd5 12.Qc2 Re8 13.Rfc1 Nf8 14.a3 Ng6
15.b4 a6 16.Rab1 Bg4 17.Nd2 Qd7 18.Rb3 Bf5 19.Qb2 Rac8 20.a4 Re7 21.b5 
axb5 22.axb5 c5 23.Na4 cxd4 24.exd4 Rxc1+ 25.Qxc1 Qe8 26.Nf1 Re1 27.Qd2 
Re2 28.Re3 Rxe3 29.Nxe3 Be6 30.Qb4 Qc8 31.Qc5 Qa8 32.Nc3 Qa1+ 33.Ned1 Nf4 
34.Qd6 g6 35.h3 Qc1 36.Qb8+ Kg7 37.Qe5+ Kg8 38.Qb8+ Kg7 39.Qe5+ Kg8 
1/2-1/2

[Event "Weekend Accademia A Primavera"]
[Site "Roma ITA"]
[Date "2007.05.13"]
[Round "5"]
[White "Bitossi, Massimo"]
[Black "Golino, Giovanni"]
[Result "1-0"]
[WhiteElo "1878"]
[BlackElo "1949"]
[PlyCount "99"]
[EventDate "2007.05.11"]

1.d4 d5 2.Bf4 Nf6 3.e3 Bf5 4.Nf3 e6 5.Nbd2 Be7 6.h3 O-O 7.Nh4 Bg6 8.Nxg6 
fxg6 9.Bd3 Nbd7 10.Nf3 c5 11.c3 c4 12.Bc2 b5 13.O-O a5 14.b3 Nb6 15.Ne5 
Qc8 16.Rc1 cxb3 17.Bxb3 Ba3 18.Rb1 Qxc3 19.Bc2 Bb4 20.Rb3 Qc8 21.a3 Be7 
22.Rxb5 Nc4 23.Nxc4 Qxc4 24.Bd3 Qc6 25.Qb3 Rfc8 26.Rb7 Bxa3 27.Rb6 Qc3 28.
Qb5 Re8 29.Rb7 Qb4 30.Qc6 Rac8 31.Qa6 Ra8 32.Rxb4 Rxa6 33.Ra4 Ra7 34.Rxa3 
Rea8 35.Rfa1 Kf7 36.Bd6 Ne4 37.Bxe4 dxe4 38.Kh2 Ra6 39.Be5 g5 40.Rc3 Kg6 
41.Rc7 Rg8 42.Rb1 a4 43.Rbb7 a3 44.Ra7 Rb6 45.g4 Rb2 46.Kg3 a2 47.Rxg7+ 
Rxg7 48.Rxg7+ Kh6 49.h4 gxh4+ 50.Kxh4 1-0

[Event "Weekend Accademia A Primavera"]
[Site "Roma ITA"]
[Date "2007.05.13"]
[Round "5"]
[White "Di Cecco, Giuseppe"]
[Black "Marta, Daniele"]
[Result "1-0"]
[WhiteElo "2027"]
[BlackElo "2076"]
[PlyCount "63"]
[EventDate "2007.05.11"]

1.e4 e6 2.d4 d5 3.Nc3 Bb4 4.e5 Ne7 5.Bd2 b6 6.Qg4 Kf8 7.Nf3 Qd7 8.h4 h6 9.
h5 Ba6 10.Bxa6 Nxa6 11.O-O c5 12.Ne2 Bxd2 13.Nxd2 Kg8 14.c3 Kh7 15.f4 Rhf8
16.Ng3 f5 17.exf6 Rxf6 18.Nf3 Qc6 19.Ng5+ hxg5 20.fxg5 Rf5 21.Nxf5 Nxf5 
22.Rxf5 exf5 23.Qxf5+ Kh8 24.h6 Rg8 25.hxg7+ Rxg7 26.Qf8+ Kh7 27.Qf5+ Kh8 
28.Qf8+ Kh7 29.Rf1 Qe6 30.Rf3 Qe2 31.Qf5+ Rg6 32.Qf7+ 1-0

[Event "Weekend Accademia A Primavera"]
[Site "Roma ITA"]
[Date "2007.05.13"]
[Round "5"]
[White "Marino, Giovanni"]
[Black "Pecorari, Marcello"]
[Result "1/2-1/2"]
[WhiteElo "1933"]
[BlackElo "1942"]
[PlyCount "55"]
[EventDate "2007.05.11"]

1.d4 f5 2.Nf3 Nf6 3.c4 g6 4.g3 Bg7 5.Bg2 O-O 6.O-O d6 7.Nc3 Nc6 8.d5 Ne5 
9.Nd2 Rb8 10.h3 Nf7 11.Qc2 e5 12.dxe6 Bxe6 13.b3 Qd7 14.Kh2 Ng5 15.f4 Nge4
16.Ndxe4 Nxe4 17.Bb2 Nxc3 18.Bxc3 Bxc3 19.Qxc3 Rfe8 20.Rad1 Qe7 21.Rfe1 
Qg7 22.Qxg7+ Kxg7 23.e4 fxe4 24.Bxe4 Bf5 25.Bxf5 gxf5 26.Kg2 h5 27.Kf3 Kf6
28.a4 1/2-1/2

[Event "Weekend Accademia A Primavera"]
[Site "Roma ITA"]
[Date "2007.05.13"]
[Round "5"]
[White "Marzio, Mario"]
[Black "Vignato, Giovanni"]
[Result "1-0"]
[WhiteElo "1457"]
[BlackElo "2050"]
[PlyCount "25"]
[EventDate "2007.05.11"]

1.e4 c6 2.d4 d5 3.exd5 cxd5 4.Bd3 Nc6 5.c3 Nf6 6.Bf4 Bg4 7.Qb3 Qd7 8.Nd2 
e6 9.Ngf3 Bxf3 10.Nxf3 Bd6 11.Be5 Bxe5 12.Nxe5 Nxe5 13.dxe5 1-0

[Event "Weekend Accademia A Primavera"]
[Site "Roma ITA"]
[Date "2007.05.13"]
[Round "5"]
[White "Musmarra, Giovanni"]
[Black "Vigile, Matteo"]
[Result "0-1"]
[WhiteElo "1717"]
[BlackElo "2086"]
[PlyCount "46"]
[EventDate "2007.05.11"]

1.e4 e5 2.Nf3 Nc6 3.Bc4 Nf6 4.d3 Bc5 5.Nc3 d6 6.Be3 Bb6 7.d4 Bg4 8.dxe5 
Nxe5 9.Be2 Bxe3 10.fxe3 Bxf3 11.gxf3 Qd7 12.Qd4 Qh3 13.O-O-O Nxf3 14.Bxf3 
Qxf3 15.Rhf1 Qh5 16.Qa4+ c6 17.Rxd6 O-O 18.Qb4 Qxh2 19.Qxb7 Qxd6 20.Rf5 
Rfb8 21.Qa6 Qb4 22.Qxc6 Qxb2+ 23.Kd1 Rc8 0-1

[Event "Weekend Accademia A Primavera"]
[Site "Roma ITA"]
[Date "2007.05.13"]
[Round "5"]
[White "Ottaviani, Gianluca"]
[Black "Tosoni, Augusto"]
[Result "1/2-1/2"]
[WhiteElo "1963"]
[BlackElo "2270"]
[PlyCount "28"]
[EventDate "2007.05.11"]

1.d4 Nf6 2.c4 g6 3.Nc3 Bg7 4.e4 d6 5.f3 O-O 6.Be3 Nc6 7.Nge2 a6 8.Qd2 Rb8 
9.Nc1 e5 10.d5 Nd4 11.N1e2 c5 12.dxc6 bxc6 13.Nxd4 exd4 14.Bxd4 Be6 
1/2-1/2

[Event "Weekend Accademia A Primavera"]
[Site "Roma ITA"]
[Date "2007.05.13"]
[Round "5"]
[White "Proia, Gaetano"]
[Black "Caprio, Guido"]
[Result "0-1"]
[WhiteElo "1865"]
[BlackElo "1934"]
[PlyCount "72"]
[EventDate "2007.05.11"]

1.e4 c5 2.Nf3 d6 3.d4 cxd4 4.Nxd4 Nf6 5.Nc3 g6 6.f3 Bg7 7.Be3 Nc6 8.Qd2 
O-O 9.g4 Bxg4 10.Be2 Be6 11.Nxe6 fxe6 12.O-O-O Rc8 13.Bh6 Bxh6 14.Qxh6 Nh5
15.Rhg1 Nf4 16.Rg4 Qb6 17.Rh4 Rf7 18.Bc4 Ne5 19.Bb3 Rcf8 20.Kb1 Nxf3 21.
Rxf4 Rxf4 22.Bxe6+ Kh8 23.Nd5 Nd2+ 24.Kc1 Qf2 25.Nxf4 Rxf4 26.Qg5 Qe3 27.
Qg1 Rxe4 28.Bd5 Nf3+ 29.Qxe3 Rxe3 30.Bxb7 Nxh2 31.Kd2 Re5 32.Rh1 Ng4 33.
Rh4 h5 34.Bf3 Kg7 35.Bxg4 Re4 36.Rh2 Rxg4 0-1

[Event "Weekend Accademia A Primavera"]
[Site "Roma ITA"]
[Date "2007.05.13"]
[Round "5"]
[White "Spano' Cuomo, Gaetano"]
[Black "Prudenzano, Ruggero"]
[Result "0-1"]
[WhiteElo "1855"]
[BlackElo "1814"]
[PlyCount "44"]
[EventDate "2007.05.11"]

1.c4 e5 2.Nc3 Nf6 3.d3 d5 4.cxd5 Nxd5 5.Nxd5 Qxd5 6.Nf3 Nc6 7.g3 Bb4+ 8.
Bd2 O-O 9.Bg2 Bxd2+ 10.Qxd2 Qd6 11.O-O Bd7 12.Rfd1 Rad8 13.Rac1 f5 14.Qc3 
Kh8 15.b4 a6 16.a3 Be6 17.Nd2 Nd4 18.Kf1 c6 19.a4 Bd5 20.e3 Bxg2+ 21.Kxg2 
Ne2 22.Qc5 Nxc1 0-1

[Event "Weekend Accademia A Primavera"]
[Site "Roma ITA"]
[Date "2007.05.13"]
[Round "5"]
[White "Tomescu, Vlad"]
[Black "Quimi, Marco"]
[Result "1/2-1/2"]
[WhiteElo "2408"]
[BlackElo "2308"]
[PlyCount "35"]
[EventDate "2007.05.11"]

1.e4 e5 2.Nf3 Nc6 3.Bb5 a6 4.Ba4 Nf6 5.O-O b5 6.Bb3 Be7 7.Re1 O-O 8.a4 Bb7
9.Nc3 b4 10.Nd5 Bc5 11.d3 h6 12.c3 d6 13.Nxf6+ Qxf6 14.Bd5 bxc3 15.bxc3 
Na5 16.Bxb7 Nxb7 17.Rb1 Rfb8 18.d4 1/2-1/2

[Event "XI Festival A"]
[Site "Salsomaggiore Terme ITA"]
[Date "2007.05.18"]
[Round "1"]
[White "Annoni, Riccardo"]
[Black "Falsetti, Paolo"]
[Result "1-0"]
[WhiteElo "2078"]
[BlackElo "1464"]
[PlyCount "113"]
[EventDate "2007.05.18"]

1. e4 c6 2. d4 d5 3. e5 Bf5 4. c4 Na6 5. a3 e6 6. c5 Nxc5 7. dxc5 Bxc5 8. b4
Bb6 9. Nf3 d4 10. Bd3 Ne7 11. O-O Qd5 12. Bg5 a5 13. Bxe7 Bxd3 14. Qxd3 Kxe7
15. Nbd2 Ra6 16. Rfb1 axb4 17. axb4 Rxa1 18. Rxa1 f6 19. Nc4 Qb5 20. Nxd4 Bxd4
21. Qxd4 Rd8 22. exf6+ gxf6 23. Qh4 Qf5 24. Ne3 Qd3 25. Re1 e5 26. Ng4 Qf5 27.
Nxe5 Kf8 28. Ng4 Rd4 29. Qxf6+ Qxf6 30. Nxf6 Kg7 31. Nh5+ Kg6 32. Ng3 Rxb4 33.
f3 c5 34. Ne4 b6 35. Kf2 Rb2+ 36. Re2 Rb1 37. g4 Rh1 38. Kg3 Rb1 39. h4 c4 40.
h5+ Kh6 41. Nd2 Rb4 42. Re6+ Kg7 43. Rc6 b5 44. g5 Rb2 45. Ne4 Rb1 46. Rc7+ Kf8
47. Kf4 b4 48. g6 hxg6 49. hxg6 Rg1 50. Kf5 b3 51. Kf6 Ke8 52. Rxc4 b2 53. Nc3
b1=Q 54. Nxb1 Rxb1 55. Re4+ Kd8 56. g7 Rb6+ 57. Re6 1-0

[Event "XI Festival A"]
[Site "Salsomaggiore Terme ITA"]
[Date "2007.05.18"]
[Round "1"]
[White "Parodi, Alessandro"]
[Black "Sciortino, Massimo"]
[Result "0-1"]
[WhiteElo "1988"]
[BlackElo "2254"]
[PlyCount "80"]
[EventDate "2007.05.18"]

1. d4 Nf6 2. c4 e6 3. Nc3 Bb4 4. Qc2 Nc6 5. e3 O-O 6. a3 Bxc3+ 7. Qxc3 a5 8.
Bd3 d6 9. Qc2 Qe7 10. Ne2 e5 11. d5 Nb8 12. f3 Nbd7 13. e4 Nc5 14. b3 a4 15. b4
Nb3 16. Rb1 b6 17. Be3 Ne8 18. Nc1 Nxc1 19. Rxc1 g6 20. c5 bxc5 21. bxc5 f5 22.
O-O fxe4 23. fxe4 Nf6 24. cxd6 cxd6 25. Bh6 Re8 26. Qc7 Nd7 27. Rf3 Rb8 28.
Rcf1 Rb7 29. Qc6 Rb3 30. Qxa4 Rxd3 31. Rxd3 Nc5 32. Qc4 Ba6 33. Qb4 Bxd3 34.
Rf2 Bxe4 35. Qc4 Rb8 36. h3 Qh4 37. Be3 Qg3 38. Qe2 Bd3 39. Qe1 Rb1 40. Bc1 Bf5
0-1

[Event "XI Festival A"]
[Site "Salsomaggiore Terme ITA"]
[Date "2007.05.18"]
[Round "2"]
[White "Giretti Kanev, Jasen"]
[Black "Annoni, Riccardo"]
[Result "1-0"]
[WhiteElo "2184"]
[BlackElo "2078"]
[PlyCount "79"]
[EventDate "2007.05.18"]

1. Nf3 Nc6 2. d4 d5 3. Bg5 Nf6 4. Nbd2 Bg4 5. c3 Qd7 6. h3 Bxf3 7. exf3 h6 8.
Bf4 e6 9. Bb5 Bd6 10. Be5 a6 11. Qa4 Ke7 12. Bxc6 Qxc6 13. Qxc6 bxc6 14. O-O-O
c5 15. Nb3 Bxe5 16. dxe5 Nd7 17. Rhe1 c4 18. Na5 Nc5 19. Kc2 g6 20. b3 Nd3 21.
Re3 Nf4 22. g3 cxb3+ 23. axb3 Nxh3 24. c4 dxc4 25. bxc4 Nxf2 26. Rd2 Nh3 27.
Nc6+ Kf8 28. f4 g5 29. f5 exf5 30. e6 fxe6 31. Rd7 f4 32. Rxe6 Re8 33. Rf6+ Kg8
34. Rg6+ Kf8 35. Rf6+ Kg8 36. Ne7+ Kg7 37. Nd5+ Kg8 38. Rff7 Re6 39. Rg7+ Kf8
40. Rdf7+ 1-0

[Event "XI Festival A"]
[Site "Salsomaggiore Terme ITA"]
[Date "2007.05.18"]
[Round "2"]
[White "Mrdja, Milan"]
[Black "Cordara, Michele"]
[Result "1/2-1/2"]
[WhiteElo "2367"]
[BlackElo "2152"]
[PlyCount "112"]
[EventDate "2007.05.18"]

1. e4 c5 2. Nf3 d6 3. d4 cxd4 4. Nxd4 Nf6 5. f3 e5 6. Bb5+ Nbd7 7. Nf5 Qc7 8.
Nc3 a6 9. Ba4 b5 10. Bb3 Nb6 11. Ne3 Be6 12. O-O Be7 13. Rf2 O-O 14. g4 b4 15.
Ncd5 Nfxd5 16. Nxd5 Bxd5 17. Bxd5 Nxd5 18. Qxd5 Qc5 19. Qxc5 dxc5 20. Be3 Rfd8
21. Kf1 c4 22. Ke2 Kf8 23. Rff1 Ke8 24. Rfd1 Rac8 25. Rxd8+ Rxd8 26. Bd2 Kd7
27. c3 a5 28. Rc1 Kc6 29. Ra1 Ra8 30. Rf1 f6 31. f4 exf4 32. Bxf4 a4 33. cxb4
a3 34. Rb1 Bxb4 35. b3 Kb5 36. bxc4+ Kxc4 37. Be3 Re8 38. Rc1+ Kb5 39. Kd3 Rd8+
40. Bd4 h5 41. g5 fxg5 42. e5 g4 43. Ke4 h4 44. Rb1 Kc4 45. Rc1+ Kb5 46. Be3 g3
47. hxg3 hxg3 48. Rg1 Rc8 49. Rxg3 Rc2 50. Rxg7 Rxa2 51. Rb7+ Ka4 52. e6 Re2
53. e7 Bxe7 54. Rxe7 a2 55. Ra7+ Kb3 56. Kd3 Rxe3+ 1/2-1/2

[Event "XI Festival A"]
[Site "Salsomaggiore Terme ITA"]
[Date "2007.05.19"]
[Round "3"]
[White "Annoni, Riccardo"]
[Black "Pedemonte, Claudio"]
[Result "1-0"]
[WhiteElo "2078"]
[BlackElo "1922"]
[PlyCount "45"]
[EventDate "2007.05.18"]

1. e4 d5 2. exd5 Qxd5 3. Nf3 Bg4 4. Be2 Nc6 5. d4 O-O-O 6. Be3 e6 7. O-O Nf6 8.
a3 Be7 9. b4 e5 10. c4 Qe4 11. Nc3 Qf5 12. d5 Bxf3 13. Bxf3 e4 14. Be2 b6 15.
Qa4 Nb8 16. Qxa7 Bd6 17. c5 Bxh2+ 18. Kxh2 Nxd5 19. Nxd5 Qxd5 20. Bf4 Rd7 21.
Rad1 Qe6 22. Rxd7 Qxd7 23. Bg4 1-0

[Event "XI Festival A"]
[Site "Salsomaggiore Terme ITA"]
[Date "2007.05.19"]
[Round "4"]
[White "Pace, Pietro Dario"]
[Black "Annoni, Riccardo"]
[Result "1-0"]
[WhiteElo "2220"]
[BlackElo "2078"]
[PlyCount "47"]
[EventDate "2007.05.18"]

1. e4 c5 2. Nf3 e6 3. d4 cxd4 4. Nxd4 Nf6 5. Nc3 Nc6 6. Nxc6 bxc6 7. Bd3 Bb4 8.
O-O Qa5 9. Bd2 Ba6 10. a3 Bxc3 11. Bxc3 Qb6 12. Bxa6 Qxa6 13. Qf3 Qa4 14. Rfe1
Qxc2 15. Rac1 Qa4 16. Bb4 a5 17. Bc5 Rd8 18. Bd6 Qd4 19. Rcd1 Qxb2 20. Qg3 Rg8
21. e5 Nd5 22. Rxd5 cxd5 23. Qg5 f6 24. Qh5+ 1-0

[Event "XI Festival A"]
[Site "Salsomaggiore Terme ITA"]
[Date "2007.05.20"]
[Round "5"]
[White "Annoni, Riccardo"]
[Black "Giovannini, Roberto"]
[Result "1-0"]
[WhiteElo "2078"]
[BlackElo "2029"]
[PlyCount "85"]
[EventDate "2007.05.18"]

1. e4 c5 2. Nc3 e6 3. g3 a6 4. Bg2 Nc6 5. Nge2 Nf6 6. O-O Qc7 7. f4 d6 8. d3 g6
9. h3 Bg7 10. Be3 Nd7 11. Qd2 Nd4 12. Nd1 O-O 13. Nc1 Rb8 14. c3 Nc6 15. f5
exf5 16. exf5 gxf5 17. Bh6 Bxh6 18. Qxh6 Nde5 19. Ne3 Ne7 20. Ne2 N5g6 21. Nf4
Nxf4 22. Rxf4 Ng6 23. Nd5 Qd8 24. Rh4 Re8 25. Qxh7+ Kf8 26. Rf4 Re2 27. Qh6+
Kg8 28. Rf2 Rxf2 29. Kxf2 Be6 30. Re1 Bxd5 31. Bxd5 Ne5 32. Kg2 Qb6 33. Rxe5
Qxb2+ 34. Kf3 dxe5 35. Qg6+ Kh8 36. Qf6+ Kh7 37. Qxf7+ Kh8 38. Qf6+ Kh7 39.
Qxf5+ Kh8 40. Qxe5+ Kh7 41. Be4+ Kh6 42. Qf6+ Kh5 43. g4# 1-0

[Event "Torneo Citta' di Milano A"]
[Site "Milano ITA"]
[Date "2007.05.18"]
[Round "1"]
[White "Arboscelli, Gregorio"]
[Black "Torelli, Mauro"]
[Result "1/2-1/2"]
[WhiteElo "1899"]
[BlackElo "1634"]
[PlyCount "67"]
[EventDate "2007.05.18"]

1.d4 g6 2.c4 Bg7 3.Nf3 d6 4.g3 b6 5.Bg2 Bb7 6.O-O e6 7.Nc3 a6 8.e4 Ne7 9.
Re1 Nd7 10.Be3 h6 11.Qd2 Nf6 12.d5 Ng4 13.dxe6 fxe6 14.Rad1 Nxe3 15.Qxe3 
O-O 16.Nd4 Bc8 17.f4 Rb8 18.Kh1 Qe8 19.b3 b5 20.cxb5 axb5 21.Bf1 c6 22.Nf3
e5 23.Rxd6 exf4 24.gxf4 Bxc3 25.Qxc3 Rxf4 26.Bg2 Qf8 27.Qd3 Bh3 28.Bxh3 
Rxf3 29.Be6+ Kh7 30.Qe2 Rf2 31.Qd3 Qf4 32.Qg3 Rf1+ 33.Rxf1 Qxf1+ 34.Qg1 
1/2-1/2

[Event "Torneo Citta' di Milano A"]
[Site "Milano ITA"]
[Date "2007.05.18"]
[Round "1"]
[White "Baccarin, Stefano"]
[Black "Astengo, Marcello"]
[Result "0-1"]
[WhiteElo "1667"]
[BlackElo "2061"]
[PlyCount "32"]
[EventDate "2007.05.18"]

1.e4 e6 2.d4 d5 3.Nc3 Nf6 4.e5 Ng8 5.f4 c5 6.Nf3 Nc6 7.Be3 Qa5 8.Be2 Nh6 
9.O-O Nf5 10.Qd2 Nxe3 11.Qxe3 cxd4 12.Qd3 dxc3 13.bxc3 Be7 14.c4 O-O 15.
Rfb1 dxc4 16.Qxc4 Qc5+ 0-1

[Event "Torneo Citta' di Milano A"]
[Site "Milano ITA"]
[Date "2007.05.18"]
[Round "1"]
[White "Cani, Gazmir"]
[Black "De Francisci, Lorenzo"]
[Result "1-0"]
[WhiteElo "1440"]
[BlackElo "1720"]
[PlyCount "131"]
[EventDate "2007.05.18"]

1.e4 e5 2.Nf3 Nc6 3.d4 exd4 4.Nxd4 Qf6 5.Be3 Bc5 6.c3 Nge7 7.Bb5 a6 8.Ba4 
b5 9.Bc2 Ne5 10.Nd2 d5 11.f4 Ng4 12.Qf3 Nxe3 13.Qxe3 O-O 14.O-O-O Re8 15.
e5 Qb6 16.Qd3 Ng6 17.h4 Bg4 18.Rde1 Bxd4 19.h5 Bf2 20.hxg6 Qxg6 21.Qf1 Qb6
22.Bxh7+ Kf8 23.Qd3 Bxe1 24.Rxe1 Qe6 25.Nb3 g6 26.Nd4 Qb6 27.f5 Bxf5 28.
Nxf5 gxf5 29.Bxf5 Qh6+ 30.Kc2 Rad8 31.Re3 Qg7 32.Qd4 Qxg2+ 33.Kb3 Qf2 34.
Bg4 a5 35.e6 a4+ 36.Ka3 f6 37.Qb4+ Rd6 38.Rh3 Qb6 39.Qf4 Qc5+ 40.b4 axb3+ 
41.Kb2 Rdxe6 42.Bxe6 Rxe6 43.Rh8+ Ke7 44.Rh7+ Kd8 45.Rh8+ Kd7 46.Rh7+ Kc8 
47.Qf5 Qd6 48.Qd3 bxa2 49.Rh8+ Kd7 50.Qxb5+ Qc6 51.Rh7+ Kd6 52.Qb4+ Qc5 
53.Rd7+ Kxd7 54.Qxc5 Re2+ 55.Ka1 c6 56.Qd4 f5 57.c4 Re4 58.Qa7+ Kd6 59.c5+
Ke5 60.Qc7+ Kd4 61.Qxc6 Re2 62.Qb5 Rc2 63.c6 f4 64.c7 f3 65.Qb6+ Ke4 66.
Qg6+ 1-0

[Event "Torneo Citta' di Milano A"]
[Site "Milano ITA"]
[Date "2007.05.18"]
[Round "1"]
[White "Carbone, Lorenzo"]
[Black "Bosi, Gianfranco"]
[Result "1-0"]
[WhiteElo "1820"]
[BlackElo "1610"]
[PlyCount "49"]
[EventDate "2007.05.18"]

1.e4 c5 2.Nf3 e6 3.d4 cxd4 4.Nxd4 Nf6 5.Nc3 d6 6.Be2 Be7 7.O-O O-O 8.Be3 
a6 9.f4 Qc7 10.Qe1 Nc6 11.Qg3 b5 12.a3 Bb7 13.Nxc6 Bxc6 14.Bf3 Kh8 15.e5 
Nd7 16.exd6 Bxd6 17.Ne4 Be7 18.Bd4 Rg8 19.b4 Rad8 20.c3 Bd5 21.Rae1 Nf6 
22.Ng5 Bd6 23.Bxd5 Nxd5 24.Qh4 h6 25.Qxh6# 1-0

[Event "Torneo Citta' di Milano A"]
[Site "Milano ITA"]
[Date "2007.05.18"]
[Round "1"]
[White "Chinnici, Giorgio"]
[Black "Bracci, Andrea"]
[Result "1/2-1/2"]
[WhiteElo "1727"]
[BlackElo "1440"]
[PlyCount "83"]
[EventDate "2007.05.18"]

1.e4 c5 2.Nc3 e6 3.Bc4 Nc6 4.f4 a6 5.a4 Qc7 6.d3 Nge7 7.Nf3 Ng6 8.f5 Nge5 
9.fxe6 Nxf3+ 10.Qxf3 dxe6 11.Bf4 Qd7 12.Ne2 b6 13.O-O Be7 14.Qg3 Rg8 15.c3
g5 16.Bc7 Bd8 17.Bxd8 Qxd8 18.Rad1 Ra7 19.d4 cxd4 20.cxd4 Qe7 21.b3 h5 22.
d5 h4 23.Qc3 Qc5+ 24.Kh1 Nd8 25.Qf6 Qe7 26.Qf3 g4 27.Qe3 exd5 28.Bxd5 Rg6 
29.Nd4 g3 30.Nf5 Bxf5 31.Rxf5 gxh2 32.Qd4 Rg8 33.Qxb6 h3 34.Bc6+ Nxc6 35.
Qxc6+ Kf8 36.Qh6+ Ke8 37.Qxh3 Qxe4 38.Qf3 Qxf3 39.Rxf3 Rh8 40.Rh3 Rxh3 41.
gxh3 Rc7 42.Rd2 1/2-1/2

[Event "Torneo Citta' di Milano A"]
[Site "Milano ITA"]
[Date "2007.05.18"]
[Round "1"]
[White "Di Chiara, Mauro"]
[Black "Marchesotti, Giovanni"]
[Result "1/2-1/2"]
[WhiteElo "1794"]
[BlackElo "1590"]
[PlyCount "40"]
[EventDate "2007.05.18"]

1.e4 c6 2.d4 d5 3.exd5 cxd5 4.Bd3 Nf6 5.h3 Nc6 6.c3 e5 7.dxe5 Nxe5 8.Qe2 
Qe7 9.Bc2 Nc4 10.Qxe7+ Bxe7 11.b3 Nd6 12.Ne2 O-O 13.Be3 Bf5 14.Bxf5 Nxf5 
15.Bf4 Rfe8 16.O-O Bd6 17.Bxd6 Rxe2 18.Bb4 a5 19.Bc5 Ne4 20.Bd4 Rc8 
1/2-1/2

[Event "Torneo Citta' di Milano A"]
[Site "Milano ITA"]
[Date "2007.05.18"]
[Round "1"]
[White "Didoni, Renato"]
[Black "Corti, Filippo"]
[Result "1-0"]
[WhiteElo "2043"]
[BlackElo "1649"]
[PlyCount "63"]
[EventDate "2007.05.18"]

1.e4 c6 2.f4 d5 3.e5 Bf5 4.d4 e6 5.Nf3 Nd7 6.c3 Qb6 7.Nbd2 c5 8.Be2 Ne7 9.
O-O Nc6 10.Nb3 Be7 11.Kh1 a5 12.a4 O-O 13.Bb5 Rac8 14.Be3 Rfd8 15.Qe1 Na7 
16.dxc5 Nxc5 17.Nbd4 Nxb5 18.Nxf5 exf5 19.b4 Qc7 20.bxc5 Na7 21.Rb1 Bxc5 
22.Bxc5 Qxc5 23.Rxb7 Rb8 24.Qh4 Nc6 25.Rxb8 Rxb8 26.Qe1 Qc4 27.e6 f6 28.
Qd1 Ne7 29.Qa1 Rb3 30.Nd2 Qxc3 31.Nxb3 Qxb3 32.Rb1 1-0

[Event "Torneo Citta' di Milano A"]
[Site "Milano ITA"]
[Date "2007.05.18"]
[Round "1"]
[White "Franzini, Stefano"]
[Black "Rossi, Giampiero"]
[Result "0-1"]
[WhiteElo "1640"]
[BlackElo "2010"]
[PlyCount "52"]
[EventDate "2007.05.18"]

1.e4 c5 2.Nc3 e6 3.g3 Nc6 4.Bg2 d6 5.Nge2 Nf6 6.d3 Be7 7.O-O O-O 8.f4 a6 
9.a3 Bd7 10.Qe1 Qc7 11.Bd2 Rab8 12.Nd1 b5 13.Ne3 a5 14.c3 b4 15.axb4 axb4 
16.f5 bxc3 17.Bxc3 e5 18.Qd2 Nd4 19.Bxd4 cxd4 20.Nc4 Bb5 21.Rfc1 Bxc4 22.
Rxc4 Qb6 23.b4 Ng4 24.Rb1 Ne3 25.b5 Nxc4 26.dxc4 d3+ 0-1

[Event "Torneo Citta' di Milano A"]
[Site "Milano ITA"]
[Date "2007.05.18"]
[Round "1"]
[White "Gervasio, Francesco"]
[Black "Mileo, Pierpaolo"]
[Result "1/2-1/2"]
[WhiteElo "2064"]
[BlackElo "1676"]
[PlyCount "107"]
[EventDate "2007.05.18"]

1.e4 e6 2.d4 d5 3.Nd2 c5 4.exd5 Qxd5 5.dxc5 Bxc5 6.Ngf3 Nf6 7.Bc4 Bxf2+ 8.
Kxf2 Ng4+ 9.Ke1 Qc5 10.Qe2 Ne3 11.Bb5+ Bd7 12.Bxd7+ Nxd7 13.Nb3 Nxc2+ 14.
Kf1 Qf5 15.Kf2 Nxa1 16.Nxa1 Rc8 17.Be3 Nf6 18.Rf1 Ng4+ 19.Kg1 Nxe3 20.Qxe3
Qc5 21.Nd4 e5 22.Nab3 Qd5 23.Qg5 f6 24.Qg4 Rc4 25.Qe6+ Qxe6 26.Nxe6 Kf7 
27.Ng5+ Kg6 28.Nf3 Rd8 29.Rb1 Rc2 30.Kf1 b6 31.Ne1 Rc4 32.Ke2 a5 33.Nd2 
Rcd4 34.Nef3 R4d6 35.g4 h6 36.Rc1 b5 37.Rc5 Rd5 38.Rc7 R8d7 39.Rc6 Kf7 40.
h4 h5 41.g5 e4 42.Nxe4 Re7 43.Nd2 f5 44.g6+ Ke8 45.Ke3 fxe4 46.Ra6 Rd3+ 
47.Ke2 Rxd2+ 48.Kxd2 e3+ 49.Ke2 a4 50.Rb6 Re5 51.Rb7 Kf8 52.Rf7+ Kg8 53.
Rb7 Kf8 54.Rf7+ 1/2-1/2

[Event "Torneo Citta' di Milano A"]
[Site "Milano ITA"]
[Date "2007.05.18"]
[Round "1"]
[White "Margstahler, Francesco"]
[Black "Martinez, Rolly"]
[Result "0-1"]
[WhiteElo "1684"]
[BlackElo "2422"]
[PlyCount "52"]
[EventDate "2007.05.18"]

1.e4 c5 2.c3 Nf6 3.e5 Nd5 4.Nf3 Nc6 5.Bc4 Nb6 6.Bb3 c4 7.Bc2 Qc7 8.Qe2 g5 
9.h3 Bg7 10.e6 dxe6 11.Nxg5 h6 12.Nf3 e5 13.Na3 Be6 14.b3 Na5 15.Rb1 a6 
16.b4 Nc6 17.b5 axb5 18.Nxb5 Qd7 19.d4 cxd3 20.Bxd3 Rxa2 21.Bd2 f5 22.O-O 
e4 23.Rfd1 Bf7 24.Nfd4 exd3 25.Qxd3 Nc4 26.Qg3 Be5 0-1

[Event "Torneo Citta' di Milano A"]
[Site "Milano ITA"]
[Date "2007.05.18"]
[Round "1"]
[White "Mariucci, Felice"]
[Black "Stips, Felix"]
[Result "0-1"]
[WhiteElo "1649"]
[BlackElo "2029"]
[PlyCount "116"]
[EventDate "2007.05.18"]

1.Nf3 c5 2.e3 d5 3.b3 Nc6 4.Bb2 Bf5 5.Bb5 Qb6 6.Bxc6+ Qxc6 7.d3 f6 8.Nbd2 
e5 9.O-O O-O-O 10.Nh4 Be6 11.Qf3 g5 12.Nf5 g4 13.Qxg4 Nh6 14.Qh4 Bxf5 15.
f4 Bg7 16.fxe5 fxe5 17.Qg5 Qg6 18.Qe7 Bf6 19.Qxc5+ Kb8 20.Rf3 e4 21.Rg3 
Qf7 22.Bxf6 Qxf6 23.Rf1 Qe6 24.dxe4 Bxe4 25.Rg7 Rc8 26.Qb4 Rc7 27.Rxc7 
Kxc7 28.Qd4 Rg8 29.Qc5+ Kd7 30.Nxe4 Qxe4 31.g3 b6 32.Qc3 Nf5 33.Qf6 Qxe3+ 
34.Kh1 Qe4+ 35.Kg1 Qd4+ 36.Qxd4 Nxd4 37.Rf7+ Kc6 38.Rxa7 h5 39.c4 dxc4 40.
bxc4 Nf3+ 41.Kg2 Nd2 42.Rh7 Rg5 43.h4 Re5 44.Rg7 Nxc4 45.Kf3 Ra5 46.Rg5 
Rxg5 47.hxg5 Kd5 48.Kf4 Ke6 49.Ke4 Nd6+ 50.Kf4 Nb5 51.g6 Kf6 52.g7 Kxg7 
53.Kg5 Nc3 54.Kxh5 Nxa2 55.Kg5 Nc3 56.Kf4 Kf6 57.Ke3 Nd5+ 58.Kd3 Kg5 0-1

[Event "Torneo Citta' di Milano A"]
[Site "Milano ITA"]
[Date "2007.05.18"]
[Round "1"]
[White "Patrucco, Carlo"]
[Black "D'Alessio, Angelo"]
[Result "0-1"]
[WhiteElo "1685"]
[BlackElo "1440"]
[PlyCount "122"]
[EventDate "2007.05.18"]

1.e4 c5 2.d3 Nc6 3.g3 g6 4.Bg2 Bg7 5.f4 d6 6.c3 h5 7.Nf3 Nh6 8.O-O Bg4 9.
h3 Bxf3 10.Qxf3 e6 11.Nd2 Qd7 12.Nc4 O-O-O 13.a4 d5 14.Na3 Kb8 15.e5 Nf5 
16.Nc2 g5 17.Ne3 Nxe3 18.Bxe3 Qe7 19.d4 cxd4 20.cxd4 gxf4 21.Qxf4 Bh6 22.
Qf3 Qb4 23.Bxh6 Rxh6 24.Qe3 Qxd4 25.Qxd4 Nxd4 26.Rxf7 Rg6 27.Kf2 Rdg8 28.
Rd1 Nc6 29.Re1 Rxg3 30.Bf1 Rb3 31.Re2 Rb4 32.Rf6 Rxa4 33.Rd2 Nxe5 34.Rxe6 
Rf4+ 35.Ke2 Re4+ 36.Kd1 Nf3 37.Rxe4 Nxd2 38.Re1 Nxf1 39.Rxf1 Rg5 40.Kd2 
Kc7 41.Kd3 a5 42.Kd4 a4 43.Rf7+ Kc6 44.Rf6+ Kb5 45.Rd6 b6 46.Rh6 Ka5 47.
Rh8 b5 48.Kc5 d4+ 49.Kxd4 Kb4 50.Rf8 Rg3 51.Rf4 Rxh3 52.Kd5+ Kb3 53.Kc5 
Kxb2 54.Rb4+ Rb3 55.Rh4 b4 56.Rxh5 Ka3 57.Kc4 Rg3 58.Rh2 b3 59.Rh1 b2 60.
Rd1 Ka2 61.Rd2 Ka1 0-1